Предложения (копия) временного Харьковского генерал-губернатора Харьковскому губернатору по протоколам дознаний об оскорблении ч...

RUSMARC
00004631nac2a22003133x 450
001b0aaea9c-3ee7-40d7-beae-24bed81c63dc
00520240819150255.0
100##$a20240716l1879 k y0rusy50 ca
1010#$arus
102##$aRU
105##$ay z |||||
1220#$ad18790504
2001#$aПредложения (копия) временного Харьковского генерал-губернатора Харьковскому губернатору по протоколам дознаний об оскорблении частными лицами полицейских чинов
$j04.05.1879
215##$a4 листа
$d32,2 х 23,1
251##$cДело
300##$aРукописный текст
324##$aКопия
325##$aЗамикрофильмировано
330##$aВходит в раздел описи: Материалы по Харьковскому генерал-губернаторству Лорис-Меликова М. Т.
461#0$1001cda3d175-ae4a-411a-8dea-9cc20fb178f6
$12001
$aЛорис-Меликов Михаил Тариелович, граф, министр внутренних дел, главный начальник "верховной распорядительной комиссии по охранению государственного порядка и общественного спокойствия", генерал от кавалерии
$1251
$cФонд
$1852
$j569
462#0$1001163e060a-d7cc-404d-90ee-e28c9801971b
$12001
$aОпись дел фонда М. Т. Лорис-Меликова за 1858-1915 гг.
$vД. 27
$1251
$cОпись
$1852
$j1
60102$aХарьковский генерал-губернатор
605##$3DITM\AF\0000002775
$aВласть
$lколлекция
$2acquisition_prlib
6101#$aПротоколы дознаний
$aПолицейские чины
686##$a63.3(2)535-332ю1
$cИстория
$2rubbk
686##$a67.400.6ю1
$cПраво
$2rubbk
801#0$aRU
$bGA_RF
801#1$aRU
$bГлавНИВЦ
$c20240716
$2rusmarc
801#2$aRU
$bПБ им. Б.Н. Ельцина
$c20240819
$gRCR
$2rusmarc
852##$aГА РФ
$j27
937##$d193617275
$hГАРФ
035##$aRuPRLIB51076378
856##$uhttp://readingroom.main.prlib.ru/item.aspx?id_node=n193617275&mode=full
Формат отображения